000
00208 a2200097 4500
001
747
100
_a
Linvill,J.G
245
_a
Models of jamsistors and diode
260
_a
_b
Mcgrawhill
_c
090
_c
342
_d
342
942
_a
NUST-CAE
_c
M
_c
26891
999
_c
235820
_d
235820